[Event "Schleswig Holstein-ch U16 Vormeister"]
[Site "Neumuenster"]
[Date "2011.04.30"]
[Round "8.15"]
[White "Nickel, Dominik"]
[Black "Plaumann, Kolja"]
[Result "0-1"]
[WhiteElo "786"]
[BlackElo "937"]
[PlyCount "134"]
[EventDate "2011.04.25"]
[EventType "swiss"]
[EventRounds "9"]
[EventCountry "GER"]
[SourceTitle "EXT 2022"]
[Source "ChessBase"]
[SourceDate "2021.10.06"]
[SourceVersion "1"]
[SourceVersionDate "2021.10.06"]
[SourceQuality "1"]

1. Nf3 c6 2. g3 d5 3. Bg2 Bf5 4. d3 h6 5. Nbd2 Nf6 6. 0-0 Nbd7 7. Re1 Nc5 8. c3 e6 9. Qc2 Bd6 10. e4 dxe4 11. dxe4 Nfxe4 12. Nxe4 Bxe4 13. Qd2 Be7 14. Qxd8+ Rxd8 15. b4 Na4 16. Rxe4 Nxc3 17. Re3 Bf6 18. Bb2 Nd5 19. Re2 Nxb4 20. Bxf6 gxf6 21. Rb1 c5 22. Nd2 b6 23. a3 Nd5 24. Bxd5 Rxd5 25. Ne4 Ke7 26. a4 Rd4 27. a5 f5 28. axb6 Rxe4 29. Rxe4 fxe4 30. bxa7 Ra8 31. Rb7+ Kf6 32. Rc7 Kg6 33. Kf1 f5 34. Ke2 Kf6 35. Rxc5 Rxa7 36. f3 exf3+ 37. Kxf3 Ra2 38. h3 Rh2 39. h4 h5 40. Rc8 Rb2 41. Rc3 Rb6 42. Rc5 e5 43. Ke3 Ke6 44. Rc3 Kd5 45. Kd2 f4 46. Rd3+ Ke4 47. gxf4 exf4 48. Ra3 Rb2+ 49. Kc1 Rh2 50. Ra4+ Kf5 51. Kd1 Rxh4 52. Ke2 f3+ 53. Kxf3 Rxa4 54. Kg3 Kg5 55. Kf3 Rh4 56. Kg3 Ra4 57. Kf3 Rg4 58. Ke3 Kf5 59. Kf3 Rg8 60. Ke3 h4 61. Kf3 h3 62. Ke3 h2 63. Kd4 Re8 64. Kc5 Rd8 65. Kc4 Ke5 66. Kc3 Ke4 67. Kc2 Ke3 0-1

[Event "Schleswig Holstein-ch U16 Vormeister"]
[Site "Neumuenster"]
[Date "2011.04.27"]
[Round "4.11"]
[White "Plaumann, Kolja"]
[Black "Beyer, Mirko"]
[Result "1/2-1/2"]
[WhiteElo "937"]
[BlackElo "1257"]
[PlyCount "39"]
[EventDate "2011.04.25"]
[EventType "swiss"]
[EventRounds "9"]
[EventCountry "GER"]
[SourceTitle "EXT 2022"]
[Source "ChessBase"]
[SourceDate "2021.10.06"]
[SourceVersion "1"]
[SourceVersionDate "2021.10.06"]
[SourceQuality "1"]

1. c4 c6 2. d4 d5 3. cxd5 cxd5 4. Nc3 Bf5 5. Bf4 Nc6 6. a3 a6 7. e3 e6 8. g3 Nf6 9. Nf3 Be7 10. Bg2 Nh5 11. Nd2 Nxf4 12. gxf4 Qb6 13. b4 Bg6 14. Na4 Qa7 15. Rc1 f5 16. Nb2 0-0 17. Nd3 Qb6 18. Nc5 Bxc5 19. Rxc5 Rfc8 20. h3 1/2-1/2